000
00269nam a2200109Ia 4500
001
1263258
005
20260417141900.0
008
260417s9999 xx 000 0 und d
020
_a
9786253690830
245
0
_a
Görevimiz Felsefe
_c
Sara Gomel
260
_b
Everest Çocuk
999
_c
1263258
_d
1263258